[Event "Udine DLF op"]
[Site "Udine"]
[Date "2007.02.28"]
[Round "6"]
[White "Lagomarsino, Piero"]
[Black "Bisaro, Andrea"]
[Result "1/2-1/2"]
[WhiteElo "1536"]
[BlackElo "1506"]
[PlyCount "79"]
[EventDate "2007.01.24"]
[EventType "swiss"]
[EventRounds "7"]
[EventCountry "ITA"]
[SourceTitle "EXT 2010"]
[Source "ChessBase"]
[SourceDate "2010.11.25"]
[SourceVersion "1"]
[SourceVersionDate "2010.11.25"]
[SourceQuality "1"]

1. e4 g6 2. g3 Bg7 3. Bg2 d6 4. Ne2 Nf6 5. 0-0 Nbd7 6. d4 0-0 7. c3 c5 8. Na3 cxd4 9. cxd4 a6 10. Nc2 Rb8 11. Nc3 b5 12. a3 Bb7 13. Re1 e5 14. d5 Nc5 15. Nb4 h5 16. Bg5 Qd7 17. Nd3 Nxd3 18. Qxd3 Qg4 19. Bd2 Qc8 20. b4 Nd7 21. Bh3 Qd8 22. Rac1 Nb6 23. Rc2 Nc4 24. Bc1 Kh7 25. Nd1 Bc8 26. Bg2 f5 27. Ne3 Nxe3 28. Bxe3 f4 29. gxf4 exf4 30. Bd4 Qg5 31. Bxg7 f3 32. Qf1 Kxg7 33. Rc7+ Kh6 34. Kh1 fxg2+ 35. Qxg2 Qxg2+ 36. Kxg2 Rb6 37. Rec1 Bb7 38. Rd7 Rc8 39. Rxb7 Rxb7 40. Rxc8 1/2-1/2